Paradigms in Cartography An Epistemological Review of the 20th and 21st Centuries /

In this book the main trends, concepts and directions in cartography and mapping in modernism and post-modernism are reviewed. Philosophical and epistemological issues are analysed in cartography from positivist-empiricist, neo-positivist and post-structuralist stances. In general, in cartography te...

Πλήρης περιγραφή

Λεπτομέρειες βιβλιογραφικής εγγραφής
Κύριοι συγγραφείς: Azócar Fernández, Pablo Iván (Συγγραφέας), Buchroithner, Manfred Ferdinand (Συγγραφέας)
Συγγραφή απο Οργανισμό/Αρχή: SpringerLink (Online service)
Μορφή: Ηλεκτρονική πηγή Ηλ. βιβλίο
Γλώσσα:English
Έκδοση: Berlin, Heidelberg : Springer Berlin Heidelberg : Imprint: Springer, 2014.
Θέματα:
Διαθέσιμο Online:Full Text via HEAL-Link
LEADER 03681nam a22004815i 4500
001 978-3-642-38893-4
003 DE-He213
005 20151218091442.0
007 cr nn 008mamaa
008 130802s2014 gw | s |||| 0|eng d
020 |a 9783642388934  |9 978-3-642-38893-4 
024 7 |a 10.1007/978-3-642-38893-4  |2 doi 
040 |d GrThAP 
050 4 |a GA1-1776 
072 7 |a RGW  |2 bicssc 
072 7 |a SCI030000  |2 bisacsh 
072 7 |a TEC036000  |2 bisacsh 
082 0 4 |a 910.285  |2 23 
100 1 |a Azócar Fernández, Pablo Iván.  |e author. 
245 1 0 |a Paradigms in Cartography  |h [electronic resource] :  |b An Epistemological Review of the 20th and 21st Centuries /  |c by Pablo Iván Azócar Fernández, Manfred Ferdinand Buchroithner. 
264 1 |a Berlin, Heidelberg :  |b Springer Berlin Heidelberg :  |b Imprint: Springer,  |c 2014. 
300 |a XVII, 150 p.  |b online resource. 
336 |a text  |b txt  |2 rdacontent 
337 |a computer  |b c  |2 rdamedia 
338 |a online resource  |b cr  |2 rdacarrier 
347 |a text file  |b PDF  |2 rda 
505 0 |a Philosophy, Epistemology and Cartography -- A Philosophical Framework Applied to Cartography -- Paradigms in the History of Science -- Tendencies in Contemporary Cartography -- Critical Cartography in the Context of Postmodernism -- Post-representational Cartography -- Possibility of a Paradigm in Cartography -- Scopes of Paradigms in Cartography -- Conclusion. 
520 |a In this book the main trends, concepts and directions in cartography and mapping in modernism and post-modernism are reviewed. Philosophical and epistemological issues are analysed in cartography from positivist-empiricist, neo-positivist and post-structuralist stances. In general, in cartography technological aspects have been considered as well as theoretical issues. The aim is to highlight the epistemological and philosophical viewpoint during the development of the discipline. Some main philosophers who have been influential for contemporary thinking such as Immanuel Kant, Ludwig Wittgenstein, Karl Popper and Bertrand Russell, are considered. None of these philosophers wrote about cartography directly (excepting Kant), but their philosophies are related to cartography and mapping issues. The book also analyses the concept of paradigm or paradigm shift coined by Thomas Kuhn, who applied it to the history of science. Different cartographic trends that have arisen since the second half of the twentieth century are analysed according to this important concept which is implicit inside the scientific or disciplinary communities. Further, the authors analyse the position of cartography in the context of the sciences and other disciplines, adopting a positivistic point of view. Additionally, they review current trends in cartography and mapping in the context of information and communication technologies in a post-modernistic or post-structuralistic framework. Thus, since the 1980s and 1990s, new mapping concepts have arisen which challenge the discipline’s traditional map conceptions. 
650 0 |a Geography. 
650 0 |a Epistemology. 
650 0 |a Philosophy and science. 
650 0 |a Geographical information systems. 
650 1 4 |a Geography. 
650 2 4 |a Geographical Information Systems/Cartography. 
650 2 4 |a Epistemology. 
650 2 4 |a Philosophy of Science. 
700 1 |a Buchroithner, Manfred Ferdinand.  |e author. 
710 2 |a SpringerLink (Online service) 
773 0 |t Springer eBooks 
776 0 8 |i Printed edition:  |z 9783642388927 
856 4 0 |u http://dx.doi.org/10.1007/978-3-642-38893-4  |z Full Text via HEAL-Link 
912 |a ZDB-2-EES 
950 |a Earth and Environmental Science (Springer-11646)